[Event "Voronezh Winter Rating op"]
[Site "Voronezh"]
[Date "2015.01.29"]
[Round "8"]
[White "Shestakov, Dmitry"]
[Black "Kolybelkin, Oleg"]
[Result "0-1"]
[WhiteElo "1832"]
[BlackElo "1760"]
[PlyCount "21"]
[EventDate "2015.01.17"]
[EventType "swiss"]
[EventRounds "9"]
[EventCountry "RUS"]
[SourceTitle "EXT 2017"]
[Source "ChessBase"]
[SourceDate "2016.10.25"]
[SourceVersion "1"]
[SourceVersionDate "2016.10.25"]
[SourceQuality "1"]

1. e4 e5 2. f4 d5 3. Nf3 dxe4 4. Nxe5 Bd6 5. d4 Nf6 6. Bc4 0-0 7. Nc3 c6 8. Be3 b5 9. Bb3 b4 10. Nb1 Qc7 11. Qc1 0-1

[Event "Voronezh Winter Rating op"]
[Site "Voronezh"]
[Date "2015.01.18"]
[Round "2"]
[White "Shestakov, Dmitry"]
[Black "Kraynuk, Alexey"]
[Result "0-1"]
[WhiteElo "1832"]
[BlackElo "1969"]
[PlyCount "45"]
[EventDate "2015.01.17"]
[EventType "swiss"]
[EventRounds "9"]
[EventCountry "RUS"]
[SourceTitle "EXT 2017"]
[Source "ChessBase"]
[SourceDate "2016.10.25"]
[SourceVersion "1"]
[SourceVersionDate "2016.10.25"]
[SourceQuality "1"]

1. e4 e6 2. d4 d5 3. e5 Ne7 4. Nf3 c5 5. c3 Nf5 6. Bd3 Nc6 7. Bxf5 exf5 8. 0-0 cxd4 9. cxd4 Be7 10. Nc3 Be6 11. a3 a6 12. b4 b5 13. Be3 g5 14. Ne1 f4 15. Bc1 Qb6 16. Nc2 Rc8 17. Qd3 Qc7 18. Bd2 Qd7 19. Qf3 Bf5 20. Ne1 Nxd4 21. Qd1 Ne6 22. Nf3 d4 23. Ne2 0-1

[Event "Gornozavodsk Europe-Asia op"]
[Site "Gornozavodsk"]
[Date "2009.11.11"]
[Round "?"]
[White "Shestakov, Dmitry"]
[Black "Filipenko, Alexander V"]
[Result "1/2-1/2"]
[WhiteElo "2271"]
[BlackElo "2362"]
[PlyCount "48"]
[EventDate "2009.11.07"]
[EventType "swiss"]
[EventRounds "11"]
[EventCountry "RUS"]
[SourceTitle "EXT 2012"]
[Source "ChessBase"]
[SourceDate "2011.11.24"]
[SourceVersion "1"]
[SourceVersionDate "2011.11.24"]
[SourceQuality "1"]

1. d4 d5 2. Bg5 h6 3. Bh4 c6 4. Nc3 Qb6 5. Na4 Qc7 6. Bg3 Qd8 7. Nc3 Bf5 8. e3 e6 9. f3 Nf6 10. Qd2 Be7 11. Nge2 a6 12. Bf2 Bh7 13. g4 c5 14. Ng3 Nc6 15. Bg2 Qc7 16. Rc1 cxd4 17. exd4 Na5 18. Rd1 Nc4 19. Qc1 Rc8 20. 0-0 0-0 21. Be3 Qb6 22. b3 Nxe3 23. Qxe3 Bxc2 24. Rc1 Bh7 1/2-1/2

[Event "Gornozavodsk Europe-Asia op"]
[Site "Gornozavodsk"]
[Date "2009.11.10"]
[Round "?"]
[White "Smirnov, Alexey1"]
[Black "Shestakov, Dmitry"]
[Result "0-1"]
[WhiteElo "2422"]
[BlackElo "2271"]
[PlyCount "98"]
[EventDate "2009.11.07"]
[EventType "swiss"]
[EventRounds "11"]
[EventCountry "RUS"]
[SourceTitle "EXT 2012"]
[Source "ChessBase"]
[SourceDate "2011.11.24"]
[SourceVersion "1"]
[SourceVersionDate "2011.11.24"]
[SourceQuality "1"]

1. e4 c5 2. Nf3 d6 3. d4 cxd4 4. Nxd4 Nf6 5. Nc3 a6 6. Bg5 e6 7. f4 Qb6 8. Qd2 Qxb2 9. Rb1 Qa3 10. f5 Nc6 11. fxe6 fxe6 12. Nxc6 bxc6 13. e5 dxe5 14. Bxf6 gxf6 15. Ne4 Be7 16. Be2 h5 17. 0-0 f5 18. Rb3 Qa4 19. c4 fxe4 20. Qc2 Qa5 21. Qxe4 Qc5+ 22. Kh1 Bd7 23. Rb7 0-0-0 24. Rfb1 Bd6 25. Qc2 Rdf8 26. Bf3 e4 27. Qxe4 Rf4 28. Qd3 Rxc4 29. Be2 Rc1+ 30. Bf1 Rf8 31. Rxc1 Qxc1 32. Rb1 Rxf1+ 33. Qxf1 Qxf1+ 34. Rxf1 e5 35. Rf6 Kc7 36. Rh6 Bg4 37. Kg1 e4 38. h3 Bd1 39. Kf2 Bf4 40. Rh7+ Kd6 41. Ke1 Ba4 42. Rxh5 Bb5 43. Rf5 Be5 44. Kd2 Bd4 45. Rf8 e3+ 46. Kc2 e2 47. Re8 c5 48. Re4 Kd5 49. Re7 Bf6 0-1

[Event "Gornozavodsk Europe-Asia op"]
[Site "Gornozavodsk"]
[Date "2009.11.09"]
[Round "?"]
[White "Shestakov, Dmitry"]
[Black "Pershina, Elena"]
[Result "1-0"]
[WhiteElo "2271"]
[BlackElo "1992"]
[PlyCount "67"]
[EventDate "2009.11.07"]
[EventType "swiss"]
[EventRounds "11"]
[EventCountry "RUS"]
[SourceTitle "EXT 2012"]
[Source "ChessBase"]
[SourceDate "2011.11.24"]
[SourceVersion "1"]
[SourceVersionDate "2011.11.24"]
[SourceQuality "1"]

1. d4 Nf6 2. c4 g6 3. Nc3 Bg7 4. e4 d6 5. f3 0-0 6. Be3 e5 7. Nge2 Nbd7 8. Qd2 exd4 9. Nxd4 a6 10. Be2 Qe7 11. 0-0 Ne5 12. Bg5 Be6 13. b3 Qd7 14. Rad1 Nc6 15. Nc2 Rad8 16. Ne3 Qc8 17. Ncd5 Bxd5 18. cxd5 Ne5 19. Rc1 c6 20. dxc6 Nxc6 21. Nd5 Qe6 22. Bc4 Qe5 23. f4 Nxe4 24. fxe5 Nxd2 25. Bxd2 dxe5 26. Bg5 Rb8 27. Ne7+ Kh8 28. Nxc6 bxc6 29. Rxf7 Rxf7 30. Bxf7 Rf8 31. Be6 e4 32. Be3 Rd8 33. Rxc6 Bd4 34. Kf2 1-0

[Event "Gornozavodsk Europe-Asia op"]
[Site "Gornozavodsk"]
[Date "2009.11.08"]
[Round "?"]
[White "Shestakov, Dmitry"]
[Black "Goretov, Andrey Borisovich"]
[Result "1-0"]
[WhiteElo "2271"]
[BlackElo "2036"]
[PlyCount "65"]
[EventDate "2009.11.07"]
[EventType "swiss"]
[EventRounds "11"]
[EventCountry "RUS"]
[SourceTitle "EXT 2012"]
[Source "ChessBase"]
[SourceDate "2011.11.24"]
[SourceVersion "1"]
[SourceVersionDate "2011.11.24"]
[SourceQuality "1"]

1. d4 Nf6 2. c4 g6 3. Nc3 d5 4. Nf3 Bg7 5. Bf4 0-0 6. e3 c5 7. Rc1 Qa5 8. dxc5 Ne4 9. Be5 Nxc3 10. Bxc3 Bxc3+ 11. Rxc3 dxc4 12. Bxc4 Nc6 13. a3 Rd8 14. Qc2 Bg4 15. b4 Qc7 16. Be2 Rd5 17. h3 Bxf3 18. Bxf3 Rd7 19. b5 Ne5 20. Be2 Rad8 21. f4 Rd5 22. fxe5 Qxe5 23. Bf3 Qg3+ 24. Ke2 R5d7 25. c6 bxc6 26. bxc6 Rc7 27. Rd1 Rb8 28. Rb3 Rbc8 29. Qd3 Rxc6 30. Bxc6 Rxc6 31. Qe4 Rf6 32. Rf1 Re6 33. Qf3 1-0

[Event "Izhevsk op"]
[Site "Izhevsk"]
[Date "2009.07.17"]
[Round "3"]
[White "Shaposhnikov, Evgeny"]
[Black "Shestakov, Dmitry"]
[Result "1/2-1/2"]
[WhiteElo "2546"]
[BlackElo "2279"]
[PlyCount "59"]
[EventDate "2009.07.15"]
[EventType "swiss"]
[EventRounds "9"]
[EventCountry "RUS"]
[SourceTitle "EXT 2010"]
[Source "ChessBase"]
[SourceDate "2010.11.25"]
[SourceVersion "1"]
[SourceVersionDate "2010.11.25"]
[SourceQuality "1"]

1. e4 c5 2. Nf3 d6 3. Bc4 e6 4. 0-0 Be7 5. Bb3 Nf6 6. Re1 0-0 7. c3 Nc6 8. d4 cxd4 9. cxd4 d5 10. e5 Ne4 11. Bc2 f5 12. exf6 Bxf6 13. Bxe4 dxe4 14. Rxe4 Qb6 15. Nc3 Rd8 16. Qe2 Nxd4 17. Nxd4 Rxd4 18. Rb1 Rd8 19. Be3 Qa6 20. Qe1 e5 21. Rd1 Bd7 22. Bc1 Qc6 23. Re2 Be6 24. Red2 Rd4 25. Rxd4 exd4 26. Ne4 Bxa2 27. Nxf6+ Qxf6 28. Qb4 Bd5 29. Qxd4 Qxd4 30. Rxd4 1/2-1/2

[Event "Sverdlovsk Region-ch final"]
[Site "Ekaterinburg"]
[Date "2008.11.25"]
[Round "4"]
[White "Shestakov, Dmitry"]
[Black "Krutko, Anatoly"]
[Result "0-1"]
[WhiteElo "2284"]
[BlackElo "2440"]
[PlyCount "70"]
[EventDate "2008.11.23"]
[EventType "swiss"]
[EventRounds "9"]
[EventCountry "RUS"]
[SourceTitle "EXT 2022"]
[Source "ChessBase"]
[SourceDate "2021.10.06"]
[SourceVersion "1"]
[SourceVersionDate "2021.10.06"]
[SourceQuality "1"]

1. d4 d6 2. e4 Nf6 3. Nc3 Nbd7 4. g3 e5 5. Nge2 c6 6. a4 g6 7. Bg2 Bg7 8. 0-0 0-0 9. h3 exd4 10. Nxd4 Nc5 11. Re1 Re8 12. a5 Qc7 13. Kh2 h5 14. f4 Nh7 15. Be3 h4 16. gxh4 Nf6 17. Ndb5 cxb5 18. Nxb5 Qc6 19. Nxd6 Ncxe4 20. Nxe8 Nxe8 21. Bd4 Bf5 22. Bxg7 Nxg7 23. Qe2 Re8 24. Ra3 Nh5 25. Re3 Nxf4 26. Qf3 Qc7 27. Kg1 Nxg2 28. Qxg2 Qf4 29. Rf3 Qxh4 30. Re2 Kh7 31. Rfe3 Re6 32. b4 b5 33. axb6 axb6 34. Ra3 Ng5 35. Rxe6 Bxe6 0-1

[Event "Sterlitamak op"]
[Site "Sterlitamak"]
[Date "2008.06.30"]
[Round "5"]
[White "Nikitina, Elena"]
[Black "Shestakov, Dmitry"]
[Result "1-0"]
[WhiteElo "2059"]
[BlackElo "2290"]
[PlyCount "51"]
[EventDate "2008.06.26"]
[EventType "swiss"]
[EventRounds "9"]
[EventCountry "RUS"]
[SourceTitle "EXT 2009"]
[Source "ChessBase"]
[SourceDate "2008.11.26"]
[SourceVersion "1"]
[SourceVersionDate "2008.11.26"]
[SourceQuality "1"]

1. e4 c5 2. c3 d5 3. exd5 Qxd5 4. d4 Nf6 5. Nf3 e6 6. Be2 cxd4 7. cxd4 Bb4+ 8. Nc3 Bd7 9. 0-0 Bxc3 10. bxc3 Bb5 11. Ba3 Bxe2 12. Qxe2 Nc6 13. Rfd1 b5 14. Ne5 Na5 15. Bb4 Nc6 16. Nxc6 Qxc6 17. a4 bxa4 18. c4 Rc8 19. Rac1 Qb6 20. Ba3 Kd7 21. d5 Rhd8 22. c5 Qb3 23. Rd3 Qb8 24. c6+ Ke8 25. d6 Qa8 26. Qc2 1-0